000 00451nam a2200181Ia 4500
008 230524s9999 xx 000 0 und d
020 _a9780071072601
082 _bMAH
100 _aS.C.Mahapatra
_942742
245 0 _aPrinciples of Electromagnetics
250 _a2
260 _aNew Delhi
_bTMH
_c2012
300 _a"XIII,409p;"
500 _aQuantity Number: 1
650 _aElectrical
700 _aSudipta Mahapatra
_942743
942 _cBK
999 _c57724
_d57724